[Event "KEN-ch"]
[Site "Nairobi"]
[Date "2021.12.26"]
[Round "1"]
[White "Simiyu, Alfred"]
[Black "Isaac, Mukoko"]
[Result "0-1"]
[WhiteElo "1036"]
[BlackElo "1774"]
[PlyCount "54"]
[EventDate "2021.12.26"]
[EventType "swiss"]
[EventRounds "9"]
[EventCountry "KEN"]
[SourceTitle "EXT 2023"]
[Source "ChessBase"]
[SourceDate "2022.10.05"]
[SourceVersion "1"]
[SourceVersionDate "2022.10.05"]
[SourceQuality "1"]

1. d4 Nf6 2. Nf3 d5 3. Nc3 e6 4. Bf4 Bb4 5. e3 Ne4 6. Qd3 0-0 7. Be2 b6 8. 0-0 Bxc3 9. bxc3 Ba6 10. Qd1 Nxc3 11. Qd2 Nxe2+ 12. Kh1 Nxf4 13. Rfd1 Ng6 14. c3 Nd7 15. g3 Nf6 16. h4 Ne4 17. Qc2 Qf6 18. Kg2 Bc4 19. Rh1 h5 20. a4 a5 21. Ne5 Nxe5 22. dxe5 Qxe5 23. f4 Qf5 24. Qc1 Nf6 25. Qd1 Ng4 26. Qd4 Qc2+ 27. Kf3 Qf2# 0-1

[Event "All Africa Games Kenya qual"]
[Site "Nairobi"]
[Date "2019.02.01"]
[Round "1.4"]
[White "Isaac, Mukoko"]
[Black "Atwoli, Joseph"]
[Result "0-1"]
[WhiteElo "1816"]
[BlackElo "1975"]
[PlyCount "82"]
[EventDate "2019.02.01"]
[EventType "swiss"]
[EventRounds "6"]
[EventCountry "KEN"]
[SourceTitle "EXT 2024"]
[Source "ChessBase"]
[SourceDate "2023.10.10"]
[SourceVersion "1"]
[SourceVersionDate "2023.10.10"]
[SourceQuality "1"]

1. e4 d5 2. exd5 Qxd5 3. Nc3 Qa5 4. d4 Nf6 5. Nf3 Bf5 6. Bc4 e6 7. Ne5 Bb4 8. Bd2 c6 9. g4 Bg6 10. h4 Nbd7 11. Nxd7 Kxd7 12. h5 Be4 13. Rh3 Bg2 14. Rg3 Bd5 15. Bxd5 Nxd5 16. Qf3 Rhf8 17. Qd3 Rh8 18. a3 Nxc3 19. bxc3 Be7 20. c4 Qa6 21. a4 h6 22. a5 Bf6 23. Rb1 Rab8 24. f4 Bh4 25. Kf2 Rbe8 26. Kg2 Bxg3 27. Kxg3 Kc8 28. f5 Kb8 29. Rb4 Ka8 30. fxe6 fxe6 31. Qe3 Rhf8 32. Qe5 Rf6 33. g5 hxg5 34. Bxg5 Rf7 35. Be3 c5 36. Rb5 Qc6 37. Bf4 Ref8 38. Rxc5 Qh1 39. Qxe6 Qg1+ 40. Kh3 Qf1+ 41. Kh4 Rxf4+ 0-1